A carregar...

കനകം വിളയുന്ന മണ്ണ് /

Detalhes bibliográficos
Autor principal: തിക്കോടിയൻ., 1916-2001
Formato: Printed Book
Idioma:Malayalam
Publicado em: തൃശൂർ: കറന്റ് ബുക്‌സ് , 1967.
LEADER 00561nam a2200133Ia 4500
008 111205s1967 ii 000 0 mal d
041 |a mal 
100 0 |a തിക്കോടിയൻ.,  |9 1580805  |d 1916-2001 
245 |a  കനകം വിളയുന്ന മണ്ണ് /  |c തിക്കോടിയൻ 
246 |a Kanakam Vilayunna Mannu 
260 |b കറന്റ് ബുക്‌സ് ,   |a തൃശൂർ:  |c 1967. 
942 |c BK 
999 |c 205657  |d 205657 
952 |0 0  |1 0  |2 ddc  |4 1  |7 0  |9 227446  |a MAL  |b MAL  |c ST1  |d 1972-09-27  |g 3.00  |l 0  |p MAL3229  |r 2013-04-10  |v 3.00  |y BK  |k 1.00